<?xml version="1.0" encoding="UTF-8"?>
<marc:record xmlns:marc="http://www.loc.gov/MARC21/slim">
   <marc:leader>00000nam a2200000 a 4500</marc:leader>
   <marc:datafield ind1="1" ind2=" " tag="100">
      <marc:subfield code="a">Hucke, Petra</marc:subfield>
      <marc:subfield code="4">aut</marc:subfield>
      <marc:subfield code="e">Verfasser/-in</marc:subfield>
   </marc:datafield>
   <marc:datafield ind1=" " ind2=" " tag="653">
      <marc:subfield code="a">Fiktionale Darstellung</marc:subfield>
   </marc:datafield>
   <marc:datafield ind1=" " ind2=" " tag="653">
      <marc:subfield code="a">Historische Romane und Erzählungen</marc:subfield>
   </marc:datafield>
   <marc:datafield ind1="0" ind2="0" tag="245">
      <marc:subfield code="a">Die Architektin von New York</marc:subfield>
   </marc:datafield>
   <marc:datafield ind1="0" ind2="0" tag="245">
      <marc:subfield code="b">sie wagte das Unmögliche und schuf ein Bauwerk für die Ewigkeit : Roman</marc:subfield>
   </marc:datafield>
   <marc:datafield ind1="0" ind2="0" tag="245">
      <marc:subfield code="c">Hucke, Petra</marc:subfield>
   </marc:datafield>
   <marc:datafield ind1=" " ind2="1" tag="264">
      <marc:subfield code="a">München</marc:subfield>
      <marc:subfield code="b">Piper</marc:subfield>
   </marc:datafield>
   <marc:datafield ind1="1" ind2=" " tag="490">
      <marc:subfield code="a">Bedeutende Frauen, die die Welt verändern</marc:subfield>
      <marc:subfield code="v">Band 3</marc:subfield>
   </marc:datafield>
   <marc:datafield ind1="1" ind2=" " tag="520">
      <marc:subfield code="a">Angaben aus der Verlagsmeldung 

 Die Architektin von New York  : Sie wagte das Unmögliche und schuf ein Bauwerk für die Ewigkeit  / von Petra Hucke


            

                Eine Frau, die aus Liebe zu ihrem Mann zur Heldin wurde
                
New York, 1865. Die frisch verheiratete Emily gerät in Panik, als sie und ihr Mann mit der Fähre im vereisten East River stecken bleiben: Es wäre nicht der erste folgenschwere Fährunfall. Doch die Passagiere kommen mit dem Schrecken davon. Wie gut, dass die Stadt endlich den Bau einer Hängebrücke genehmigt hat.
Emily ahnt zu diesem Zeitpunkt nicht, dass sie diejenige sein wird, die diese kolossale Aufgabe zu Ende bringen muss. Denn ihr Mann, der Chefingenieur der Brooklyn Bridge, wird schwer krank. Sie übernimmt gegen erbitterte Widerstände die Führung der enormen und gefährlichen Baustelle. Sie will ihrem geliebten Mann zeigen, dass sie an ihren gemeinsamen Traum glaubt. Und der Welt beweisen, dass eine Frau ein Weltwunder schaffen kann.</marc:subfield>
   </marc:datafield>
   <marc:datafield ind1=" " ind2=" " tag="020">
      <marc:subfield code="a">9783492062381</marc:subfield>
      <marc:subfield code="9">9783492062381</marc:subfield>
   </marc:datafield>
   <marc:datafield ind1=" " ind2=" " tag="020">
      <marc:subfield code="a">3492062385</marc:subfield>
      <marc:subfield code="9">3492062385</marc:subfield>
   </marc:datafield>
   <marc:datafield ind1=" " ind2=" " tag="041">
      <marc:subfield code="a">ger</marc:subfield>
   </marc:datafield>
   <marc:datafield ind1="0" ind2=" " tag="490">
      <marc:subfield code="v">Band 3</marc:subfield>
   </marc:datafield>
   <marc:datafield ind1=" " ind2=" " tag="338">
      <marc:subfield code="a">Band</marc:subfield>
   </marc:datafield>
   <marc:datafield ind1=" " ind2=" " tag="300">
      <marc:subfield code="a">398 Seiten</marc:subfield>
   </marc:datafield>
</marc:record>
